El País Vasco visto por un comerciante inglés / (Record no. 6492)

MARC details
000 -LEADER
campo de control de longitud fija 00831nam a2200241 i 4500
001 - NÚMERO DE CONTROL
campo de control 6492
003 - IDENTIFICADOR DE NÚMERO DE CONTROL
campo de control ES-MaACL
005 - FECHA Y HORA DE LA ÚLTIMA TRANSACCIÓN
campo de control 20240314211746.0
007 - CAMPO FIJO DE DESCRIPCIÓN FÍSICA--INFORMACIÓN GENERAL
campo de control de longitud fija t|
008 - DATOS DE LONGITUD FIJA--INFORMACIÓN GENERAL
campo de control de longitud fija 891124s1988 sp ||||1| spa d
080 ## - NÚMERO DE LA CLASIFICACIÓN DECIMAL UNIVERSAL
Número de la Clasificación Decimal Universal 9(466)"17"
080 ## - NÚMERO DE LA CLASIFICACIÓN DECIMAL UNIVERSAL
Número de la Clasificación Decimal Universal 91(466)"17"
100 1# - ENTRADA PRINCIPAL--NOMBRE DE PERSONA
Nombre de persona García-Diego, José A.
9 (RLIN) 54541
245 13 - MENCIÓN DEL TÍTULO
Título El País Vasco visto por un comerciante inglés /
Mención de responsabilidad, etc. Jose A. Garcia-Diego.
260 ## - PUBLICACIÓN, DISTRIBUCIÓN, ETC.
Lugar de publicación, distribución, etc. [S.l.] :
Nombre del editor, distribuidor, etc. Revista Internacional de los Estudios Vascos,
Fecha de publicación, distribución, etc. 1988.
300 ## - DESCRIPCIÓN FÍSICA
Extensión P. 239-258 ;
Dimensiones 24 cm.
500 ## - NOTA GENERAL
Nota general Separata de la Revista Internacional de los Estudios Vascos, año 6. T. XXXIII, julio-diciembre 1988.
500 ## - NOTA GENERAL
Nota general Texto bilingue: castellano-ingles.
651 #4 - PUNTO DE ACCESO ADICIONAL DE MATERIA--NOMBRE GEOGRÁFICO
Nombre geográfico País Vasco-
Subdivisión general Descripción
9 (RLIN) 9149
852 ## - LOCALIZACIÓN
Ubicación ES-MaACL
Número de control de estantería 2142-F-28
Sublocalización o colección R.117136
Holdings
Estatus retirado Estado de pérdida Estado de daño No para préstamo Colección Biblioteca de origen Biblioteca actual Ubicación en estantería Fecha de adquisición Fuente de adquisición Total de préstamos Signatura topográfica completa Código de barras Visto por última vez Precio de reemplazo Tipo de ítem Koha
        Colección de folletos Biblioteca del Ateneo de Madrid Biblioteca del Ateneo de Madrid Depósito folletos 17/01/2008     2142-F-28 1006612 23/02/2023 23/02/2023 Folleto